| 000 | 01624cad a22002655a 4500 | ||
|---|---|---|---|
| 001 | L148219 | ||
| 008 | 090819s20090817xxk f f000 0 eng d | ||
| 020 | _a9781409818021 | ||
| 035 | _a(Sirsi) u148219 | ||
| 041 | 0 | _aeng | |
| 050 | 0 | 4 | _a333.72 $2 18 |
| 110 | 2 |
_aUnited Kingdom _bDepartment for Communities and Local Government _94939 |
|
| 245 | 0 | 0 |
_aEco-towns _ballocations from the eco-towns fund, consultation _h[electronic resource] |
| 260 |
_aLondon _bDCLG _c2009 |
||
| 505 | 2 | _aIntroduction -- Eco-towns: the objectives -- Role of the Homes and Communities Agency on eco-towns -- The Growth Fund: background -- The role of the Programme of Development (PoD) -- Content of the eco-town Programme of Development (PoD) -- Improving the assessment questions -- Calculating eco-towns fund allocations -- Funding methodology -- Available funding -- Annex 1: Questions for the assessment of eco-town Programmes of Development -- Annex 2: Supporting documents | |
| 520 | _aSets out proposals for how the £60m eco-towns fund might be allocated for the 2009-2011 period. Includes guidance on the preparation of an Eco-Town Programme of Development to support bids for funding. | ||
| 520 | _aDeadline for comments is 25 September 2009. | ||
| 521 | _aAdvanced | ||
| 590 | _aKA NTK | ||
| 650 | 2 | 4 | _aECO-TOWNS |
| 651 | 4 |
_aEngland and Wales _y1543- |
|
| 690 | _aENVIRONMENTAL AND LAND CONSULTANCY-SUSTAINABILITY-SUSTAINABLE DEVELOPMENT | ||
| 856 | 4 | 0 |
_uhttps://www.communities.gov.uk/publications/planningandbuilding/allocationfundecotowns _zView the consultation free of charge at www.communities.gov.uk... |
| 942 | _n0 | ||
| 999 |
_c109960 _d109960 |
||